| 000 | 00657nam a2200229Ia 4500 | ||
|---|---|---|---|
| 001 | 7381 | ||
| 003 | GE_BSU | ||
| 008 | 181216s||||||||xx |||||||||||||| ||und|| | ||
| 040 | _cGE_BSU | ||
| 080 | _a624.04(075.8) | ||
| 100 | _aДарков,А.В. Шапошников,Н.Н. | ||
| 245 | _aСтроительная механика. | ||
| 245 | _bУчеб. | ||
| 245 | _cРед. М.А.Алексеева. | ||
| 250 | _aИзд 8-ое, перераб. и доп. | ||
| 260 | _aМ. | ||
| 260 | _bВысш.школа. | ||
| 260 | _c1986. | ||
| 300 | _a607стр. 23см. с илл. | ||
| 653 | _aСтроительная механика. | ||
| 942 | _cBK | ||
| 999 |
_c40742 _d40742 |
||